Il monaco : romanzo /

সংরক্ষণ করুন:
গ্রন্থ-পঞ্জীর বিবরন
প্রধান লেখক: Lewis, Matthew Gregory (লেখক)
অন্যান্য লেখক: Johnson, Liana M.
বিন্যাস: গ্রন্থ
ভাষা:ইতালিয়
প্রকাশিত: Milano : Longanesi, stampa 1977
সংস্করন:2. ed
মালা:I super pocket ; 238
ট্যাগগুলো: ট্যাগ যুক্ত করুন
কোনো ট্যাগ নেই, প্রথমজন হিসাবে ট্যাগ করুন!

MARC

LEADER 00000nam a22000007i 4500
001 IT\ICCU\UBO\2951358
003 ItRI
005 20260115232325.0
008 060406s1977 it |||||| ||||| |||||c
040 |b ita  |c importazione bologna sebina 
041 7 |a ita  |2 ISO-639-2 
100 1 |a Lewis, Matthew Gregory  |0 IT\ICCU\RAVV\024973  |4 aut 
240 1 4 |a The monk.  |3 IT\ICCU\SBL\0255148  |9 Lewis, Matthew Gregory 
245 1 3 |a Il monaco :  |b romanzo /  |c di Matthew G. Lewis ; traduzione di Liana M. Johnson. 
250 |a 2. ed 
260 |a Milano :  |b Longanesi,  |c stampa 1977 
300 |a 261 p. ;  |c 18 cm. 
700 1 |a Johnson, Liana M.  |0 IT\ICCU\RAVV\061574 
790 1 |a Lewis, Matthew G.  |3 IT\ICCU\CFIV\375059  |z Lewis, Matthew Gregory 
790 1 |a Lewis, Matthew  |3 IT\ICCU\RAVV\045746  |z Lewis, Matthew Gregory 
830 2 |a I super pocket ;  |v 238  |0 IT\ICCU\RAV\0105811 
942 |2 ddc  |c BK  |n 0 
952 |0 0  |1 0  |4 0  |6 DOC_823_087000000000000_LEW  |7 0  |9 24180  |a BO  |b BO  |d 2026-01-15  |i 9742  |l 0  |o DOC 823.087 LEW  |p BO9742  |r 2026-01-15 23:23:25  |w 2026-01-15  |x [Sebina 5] [1 v.]  |y BK  |z 1 v. 
999 |c 20584  |d 20584